| 000 | 01085nam a2200313 a 4500 | ||
|---|---|---|---|
| 001 | 015950638 | ||
| 003 | Uk | ||
| 005 | 20240818092943.0 | ||
| 008 | 111024s2012 mauac b 001 0 eng d | ||
| 015 |
_aGBB251362 _2bnb |
||
| 020 | _a0321795792 (pbk.) : | ||
| 020 | _a9780321795793 (pbk.) : | ||
| 082 | 0 | 4 |
_a572 _223 _bPRI |
| 245 | 0 | 0 |
_aPrinciples of Biochemistry / _cLaurence A. Moran ... [et al.]. |
| 250 | _a5th ed. | ||
| 260 |
_aBoston, Mass. ; _aLondon : _bPearson, _cc2012. |
||
| 300 |
_axxxiii, 786 p. : _bill. (chiefly col.), ports. (some col.) ; _c28 cm. |
||
| 500 | _aPrevious ed.: Upper Saddle River, N.J.; London: Pearson Prentice Hall, 2006. | ||
| 500 | _aIncludes Internet access. | ||
| 500 | _a"International edition"--Cover. | ||
| 504 | _aIncludes bibliographical references and index. | ||
| 650 | 0 |
_aBiochemistry. _931093 |
|
| 653 |
_bPharmacy _cOctober2012 |
||
| 700 | 1 |
_aMoran, Laurence A., _d1956- _931094 |
|
| 942 |
_2ddc _cBB _hRDA-MOD |
||
| 999 |
_c17066 _d17038 |
||
| 336 |
_2rdacontent _atext _btxt |
||
| 337 |
_aunmediated _2rdamedia _bn |
||
| 338 |
_avolume _bnc _2rdacarrier |
||